Southern African Capitals - Statistics

General Stats
  • This quiz has been taken 3,183 times
    3,058 since last reset
  • The average score is 8 of 13
Answer Stats
Hint Answer % Correct
South Africa Pretoria
97%
Seychelles Victoria
74%
Namibia Windhoek
70%
Madagascar Antananarivo
69%
Zimbabwe Harare
68%
Mozambique Maputo
60%
Mauritius Port Louis
59%
Botswana Gaborone
56%
Zambia Lusaka
56%
Malawi Lilongwe
55%
Swaziland Lobamba
54%
Lesotho Maseru
51%
Comoros Moroni
51%
No matching quizzes found
Score Distribution
Percent of People with Each Score
Percentile by Number Answered
Your Score History
You have not taken this quiz since the last reset